Southville International School and Colleges
Your cart is empty.
  • Cart
  • Lists
    Public lists Eva Luna New books Lux_list list_1
    Your lists Log in to create your own lists
  • Log in to your account
  • Your cookies
  • Search history
Southville International School and Colleges
  • Advanced search
  • Recent comments
  • Most popular
  • Libraries

Log in to your account

Log in with GOOGLE


If you do not have an external account, but do have a local account, you can still log in:

  1. Home
  2. MARC view: Crime and punishment /
Normal view MARC view ISBD view

Crime and punishment / (Record no. 368465)

[ view plain ]
MARC details
000 -LEADER
fixed length control field 01041nam a22002297a 4500
003 - CONTROL NUMBER IDENTIFIER
control field 0
005 - DATE AND TIME OF LATEST TRANSACTION
control field 20251105093309.0
008 - FIXED-LENGTH DATA ELEMENTS--GENERAL INFORMATION
fixed length control field 251105b xxu||||| |||| 00| 0 eng d
020 ## - INTERNATIONAL STANDARD BOOK NUMBER
International Standard Book Number 978-1-68412-290-5
050 ## - LIBRARY OF CONGRESS CALL NUMBER
Classification number PG 3326
Item number .D673 2018
100 ## - MAIN ENTRY--PERSONAL NAME
Personal name Dostoyevsky, Fyodor,
Dates associated with a name 1821–1881,
Relator term author.
245 ## - TITLE STATEMENT
Title Crime and punishment /
Statement of responsibility, etc Fyodor Dostoyevsky ; translated by Constance Garnett.
260 ## - PUBLICATION, DISTRIBUTION, ETC. (IMPRINT)
Place of publication, distribution, etc San Diego, CA :
Name of publisher, distributor, etc Word Cloud Classics,
Date of publication, distribution, etc 2018.
300 ## - PHYSICAL DESCRIPTION
Extent 517 pages ;
Dimensions 20 cm.
500 ## - GENERAL NOTE
General note Includes translator's preface and epilogue.
520 ## - SUMMARY, ETC.
Summary, etc A psychological novel that explores the moral dilemmas of Rodion Raskolnikov, a destitute student in St. Petersburg who commits a murder in pursuit of a theory that some people have the right to take lives for a greater purpose. The story follows his inner torment, guilt, and ultimate search for redemption.
650 ## - SUBJECT ADDED ENTRY--TOPICAL TERM
Topical term or geographic name as entry element Murder
Form subdivision Fiction.
650 ## - SUBJECT ADDED ENTRY--TOPICAL TERM
Topical term or geographic name as entry element Criminals
Form subdivision Fiction.
650 ## - SUBJECT ADDED ENTRY--TOPICAL TERM
Topical term or geographic name as entry element Psychological fiction.
700 ## - ADDED ENTRY--PERSONAL NAME
Personal name Constance Garnett,
Relator term translator.
942 ## - ADDED ENTRY ELEMENTS (KOHA)
Source of classification or shelving scheme Library of Congress Classification
Koha item type Books
Holdings
Withdrawn status Lost status Source of classification or shelving scheme Damaged status Home library Current library Shelving location Date acquired Source of acquisition Sub Shelving location Total Checkouts Full call number Barcode Date last seen Price effective from Koha item type
    Library of Congress Classification   Luxembourg Library Luxembourg Library Classic Section 11/19/2024 Library Fund     PG 3326 .D673 2018 21481 11/05/2025 11/05/2025 Books

Crime and punishment /

APA

Dostoyevsky F., Constance Garnett, . (2018). Crime and punishment. San Diego, CA: Word Cloud Classics.

Chicago

Dostoyevsky Fyodor, Constance Garnett, . 2018. Crime and punishment. San Diego, CA: Word Cloud Classics.

Harvard

Dostoyevsky F., Constance Garnett, . (2018). Crime and punishment. San Diego, CA: Word Cloud Classics.

MLA

Dostoyevsky Fyodor, Constance Garnett, . Crime and punishment. San Diego, CA: Word Cloud Classics. 2018.

  • Place hold
  • Print
  • Cite
  • Add to your cart (remove)
  • Save record
    BIBTEX Dublin Core MARCXML MARC (non-Unicode/MARC-8) MARC (Unicode/UTF-8) MARC (Unicode/UTF-8, Standard) MODS (XML) RIS
  • More searches
    Search for this title in:
    Other Libraries (WorldCat) Other Databases (Google Scholar) Online Stores (Bookfinder.com) Open Library (openlibrary.org)

Exporting to Dublin Core...

SOUTHVILLE LIBRARY

Southville International School and Colleges Library

1281 Tropical Ave. Cor. Luxembourg St., BF Homes International, Las Pinas City

Tel. No. 8256374 / 252358 Loc. 117/146

Powered by Koha